Levels of Groups - Statistics

General Stats
  • This quiz has been taken 14 times
  • The average score is 6 of 8
Answer Stats
Hint Answer % Correct
2 Duet
100%
2 Secondary
100%
3 Trio
100%
3 Tertiary
75%
4 Quartet
67%
5 Quintet
67%
4 Quaternary
33%
5 Quinary
25%
No matching quizzes found
Score Distribution
Percent of People with Each Score
Percentile by Number Answered
Your Score History
You have not taken this quiz